[Event "Titled Tue 10th Jun Late"]
[Site "chess.com INT"]
[Date "2025.06.10"]
[Round "6"]
[White "Izafatava, Kira"]
[Black "Santos, Antonio P"]
[Result "1-0"]
[BlackTitle "FM"]
[WhiteElo "2036"]
[BlackElo "2165"]
[WhiteFideId "13521705"]
[BlackFideId "1900161"]
[EventDate "2025.06.10"]

1. e4 c5 2. Nf3 d6 3. d4 cxd4 4. Nxd4 Nf6 5. Nc3 a6 6. a4 e6 7. Be3 Be7 8. Be2
O-O 9. O-O Nc6 10. f4 Qc7 11. Qe1 Bd7 12. Rd1 Rfe8 13. Qg3 Kh8 14. Nxc6 Bxc6 15.
e5 Ne4 16. Nxe4 Bxe4 17. Bd4 d5 18. Bd3 Bxd3 19. Qxd3 Bc5 20. c3 Rac8 21. f5
Bxd4+ 22. cxd4 Qc2 23. fxe6 Qxd3 24. Rxd3 fxe6 25. Rf7 Rf8 26. Rdf3 Kg8 27. Rxb7
Rxf3 28. gxf3 Rc4 29. b3 Rxd4 30. Rb6 Kf7 31. Rxa6 Rd3 32. Ra7+ Kg6 33. Rb7 Rxf3
34. a5 Rc3 35. a6 Kf5 36. a7 Rc1+ 37. Kf2 Ra1 38. b4 Kxe5 39. b5 Kd6 40. b6 Kc6
41. Rb8 1-0

[Event "Titled Tue 10th Jun Late"]
[Site "chess.com INT"]
[Date "2025.06.10"]
[Round "6"]
[White "Uyanga, Byambaa"]
[Black "Montejo Bello, Lorena Beatriz"]
[Result "0-1"]
[WhiteTitle "WFM"]
[BlackTitle "WFM"]
[WhiteElo "2006"]
[BlackElo "2090"]
[WhiteFideId "2054906"]
[BlackFideId "3529045"]
[EventDate "2025.06.10"]

1. e4 e5 2. Nf3 Nc6 3. Bc4 Nf6 4. Ng5 d5 5. exd5 Na5 6. Bb5+ c6 7. dxc6 bxc6 8.
Qf3 Be7 9. Bd3 O-O 10. Nc3 h6 11. h4 Bg4 12. Qg3 Qd7 13. f3 Bf5 14. Bxf5 Qxf5
15. Nge4 Nd5 16. d3 Qe6 17. Bd2 f5 18. Nxd5 Qxd5 19. Nc3 Qe6 20. O-O-O Bd6 21.
Rde1 Rab8 22. f4 e4 23. dxe4 fxe4 24. Rxe4 Qf7 25. Rhe1 Nc4 26. Rxc4 Qxc4 27.
Qg6 Bxf4 28. Bxf4 Qxf4+ 29. Kb1 Qf6 30. Qg4 Qxc3 31. Re7 Qxb2# 0-1

[Event "Titled Tue 10th Jun Late"]
[Site "chess.com INT"]
[Date "2025.06.10"]
[Round "6"]
[White "Shukhman, Anna"]
[Black "Alvarado, Carlos"]
[Result "1-0"]
[WhiteTitle "WGM"]
[BlackTitle "CM"]
[WhiteElo "2413"]
[BlackElo "2032"]
[WhiteFideId "54180058"]
[BlackFideId "3800555"]
[EventDate "2025.06.10"]

1. e4 c6 2. d4 d5 3. e5 Bf5 4. Nf3 e6 5. Be2 Nd7 6. O-O Ne7 7. c3 h6 8. a4 a5 9.
Na3 g5 10. b3 Bg6 11. Ne1 Nf5 12. Bh5 Bxa3 13. Bxa3 Bxh5 14. Qxh5 Nf8 15. Nd3
Ng6 16. Qe2 Rg8 17. g3 b6 18. Rfd1 Qc8 19. Rac1 Qa6 20. Qg4 O-O-O 21. c4 dxc4
22. Rxc4 Kb7 23. Qe4 Rd5 24. Rdc1 Rc8 25. b4 axb4 26. Nxb4 Qxa4 27. Nxc6 Qxa3
28. Na5+ Qxa5 29. Rxc8 Qa3 30. R1c7+ Ka6 31. Ra8+ 1-0

[Event "Titled Tue 10th Jun Late"]
[Site "chess.com INT"]
[Date "2025.06.10"]
[Round "6"]
[White "Martinez Alcantara, Jose Eduardo"]
[Black "Papasimakopoulos, Alexandros"]
[Result "1-0"]
[WhiteTitle "GM"]
[BlackTitle "IM"]
[WhiteElo "2611"]
[BlackElo "2366"]
[WhiteFideId "3805662"]
[BlackFideId "4244125"]
[EventDate "2025.06.10"]

1. c4 e6 2. Nf3 d5 3. g3 b6 4. Bg2 Bb7 5. Qa4+ Qd7 6. Qc2 dxc4 7. Ne5 Qc8 8.
Qa4+ c6 9. Qxc4 Bd6 10. d4 c5 11. Qa4+ Ke7 12. Nf3 cxd4 13. O-O e5 14. e3 d3 15.
Nc3 Nf6 16. e4 Nbd7 17. Bg5 h6 18. Bxf6+ Nxf6 19. Rad1 Bc6 20. Qb3 Qe6 21. Nh4
g6 22. Nd5+ Bxd5 23. exd5 Qg4 24. Qxd3 Rac8 25. b3 Rhd8 26. Qe3 Qg5 27. f4 Qxh4
28. fxe5 Qg5 29. exd6+ Kf8 30. Qxg5 hxg5 31. Rxf6 Kg7 32. Rdf1 Rf8 33. Bh3 1-0

[Event "Titled Tue 10th Jun Late"]
[Site "chess.com INT"]
[Date "2025.06.10"]
[Round "6"]
[White "Materia, Marco"]
[Black "Shandrygin, Nikita"]
[Result "1-0"]
[WhiteTitle "IM"]
[BlackTitle "FM"]
[WhiteElo "2489"]
[BlackElo "2209"]
[WhiteFideId "45150451"]
[BlackFideId "24198668"]
[EventDate "2025.06.10"]

1. Nf3 d5 2. b3 c5 3. e3 a6 4. Bb2 Nc6 5. d4 Nf6 6. Nbd2 Bg4 7. h3 Bxf3 8. Nxf3
cxd4 9. Nxd4 Qa5+ 10. c3 Ne4 11. Nxc6 bxc6 12. Bd3 Nc5 13. Be2 Ne4 14. Qc2 e6
15. O-O Be7 16. c4 O-O 17. Bd3 Nf6 18. Rac1 h6 19. Bd4 Rfc8 20. cxd5 exd5 21.
Bf5 Rc7 22. Be5 c5 23. Bxc7 Qxc7 24. Rfd1 a5 25. Bg4 a4 26. Bf3 Qe5 27. bxa4 c4
28. Rb1 h5 29. Rb5 Rd8 30. Qxc4 Bd6 31. Bxd5 Qh2+ 32. Kf1 Kh8 33. Bf3 g6 34.
Qxf7 1-0

[Event "Titled Tue 10th Jun Late"]
[Site "chess.com INT"]
[Date "2025.06.10"]
[Round "6"]
[White "Chen, Yidong"]
[Black "Jagirapu, Harshin Reddy"]
[Result "1-0"]
[WhiteElo "2074"]
[BlackElo "2042"]
[WhiteFideId "8607028"]
[BlackFideId "39910679"]
[EventDate "2025.06.10"]

1. e4 c5 2. Nf3 Nc6 3. Bb5 e6 4. Bxc6 bxc6 5. d3 Ne7 6. e5 Ng6 7. h4 h5 8. Nbd2
d5 9. exd6 Bxd6 10. Ne4 Be7 11. Be3 Rb8 12. b3 Qd5 13. Qd2 Ne5 14. Nxe5 Qxe5 15.
O-O c4 16. Bf4 Qb5 17. bxc4 Qb4 18. Bxb8 Qxb8 19. Rab1 Qc7 20. Ng5 O-O 21. Qe2
Bxg5 22. hxg5 e5 23. Qxh5 Bf5 24. Qf3 Bg6 25. Rb2 Qd6 26. Rfb1 e4 27. dxe4 Qe5
28. Rb7 Qxg5 29. Rxa7 Qc5 30. Rab7 Qxc4 31. Qd3 Qxa2 32. Rb8 Qe6 33. Rxf8+ Kxf8
34. Rb8+ 1-0

[Event "Titled Tue 10th Jun Late"]
[Site "chess.com INT"]
[Date "2025.06.10"]
[Round "6"]
[White "Lin, Bryan Enming"]
[Black "Bazan Romero, Octavio Aaron"]
[Result "1-0"]
[WhiteTitle "FM"]
[BlackTitle "FM"]
[WhiteElo "2343"]
[BlackElo "2289"]
[WhiteFideId "30987121"]
[BlackFideId "20003943"]
[EventDate "2025.06.10"]

1. e4 c6 2. Nf3 g6 3. d4 Bg7 4. h3 d5 5. e5 f6 6. exf6 Nxf6 7. Bd3 O-O 8. O-O
Bf5 9. Re1 Bxd3 10. Qxd3 Ne4 11. Nc3 Nxc3 12. bxc3 Na6 13. Ba3 Bf6 14. Ne5 Nc7
15. Ng4 Bg5 16. Re5 Nb5 17. Bc5 b6 18. Rxg5 bxc5 19. Re1 cxd4 20. Rxg6+ Kh8 21.
Rh6 Rf7 22. Ne5 Rg7 23. Nxc6 Qd7 24. Qxb5 1-0

[Event "Titled Tue 10th Jun Late"]
[Site "chess.com INT"]
[Date "2025.06.10"]
[Round "6"]
[White "Stemmler, Fabian"]
[Black "Matyassy, Lazar"]
[Result "0-1"]
[WhiteTitle "CM"]
[BlackTitle "FM"]
[WhiteElo "2190"]
[BlackElo "2251"]
[WhiteFideId "12964808"]
[BlackFideId "17005167"]
[EventDate "2025.06.10"]

1. e4 a6 2. Bc4 h6 3. Bb3 e6 4. d4 b5 5. a4 Bb7 6. Qe2 Nf6 7. Nd2 c5 8. axb5
cxd4 9. Ngf3 d5 10. e5 Ne4 11. Nxd4 Bc5 12. N2f3 O-O 13. O-O Qb6 14. Be3 Nd7 15.
c3 axb5 16. Qxb5 Qxb5 17. Nxb5 Bxe3 18. fxe3 Ba6 19. Nc7 Rab8 20. Ba4 Bxf1 21.
Bxd7 Bc4 22. Ba4 Rfc8 23. Na6 Bxa6 0-1

[Event "Titled Tue 10th Jun Late"]
[Site "chess.com INT"]
[Date "2025.06.10"]
[Round "6"]
[White "Baltabaev, Temirlan"]
[Black "Khlebovich, Alexander"]
[Result "0-1"]
[WhiteTitle "FM"]
[BlackTitle "IM"]
[WhiteElo "2295"]
[BlackElo "2423"]
[WhiteFideId "4112172"]
[BlackFideId "4169123"]
[EventDate "2025.06.10"]

1. d4 Nf6 2. g3 g6 3. Nf3 Bg7 4. Bg2 O-O 5. O-O d5 6. c4 c5 7. cxd5 Nxd5 8. e4
Nf6 9. e5 Nd5 10. dxc5 Nc6 11. Qe2 Bg4 12. h3 Bxf3 13. Qxf3 e6 14. Na3 Nxe5 15.
Qe2 Nc6 16. Nc4 Nd4 17. Qd3 Qc7 18. Be3 Nxe3 19. fxe3 Nf5 20. g4 Nh4 21. Qd6
Rac8 22. b4 Nxg2 23. Kxg2 Bxa1 24. Rxa1 b6 25. Qxc7 Rxc7 26. Nd6 bxc5 27. Rc1 c4
28. Rxc4 Rxc4 29. Nxc4 Rc8 30. Nd6 Rc2+ 31. Kf3 Rxa2 32. e4 e5 33. Nc4 f6 34. g5
Kg7 35. gxf6+ Kxf6 36. Ne3 Ra3 37. Kf2 Kg5 0-1

[Event "Titled Tue 10th Jun Late"]
[Site "chess.com INT"]
[Date "2025.06.10"]
[Round "6"]
[White "Bustelo, Tabare"]
[Black "Sakmak, Kutay"]
[Result "0-1"]
[WhiteTitle "CM"]
[BlackTitle "CM"]
[WhiteElo "2043"]
[BlackElo "2158"]
[WhiteFideId "3000362"]
[BlackFideId "44581939"]
[EventDate "2025.06.10"]

1. d4 Nf6 2. Bg5 e6 3. e4 Be7 4. e5 Nd5 5. Bd2 c5 6. c4 Nb6 7. Nf3 cxd4 8. Nxd4
Nc6 9. Nc2 Nxe5 10. b3 Bf6 11. Bc3 O-O 12. Be2 d5 13. c5 Nbd7 14. b4 a5 15. a3
axb4 16. axb4 Rxa1 17. Nxa1 b6 18. f4 Ng6 19. c6 Bxc3+ 20. Nxc3 Nf6 21. O-O d4
22. Nb5 Qd5 23. Qxd4 Qxc6 24. Nb3 Nd5 25. Rc1 Qa8 26. g3 Qa2 27. Bc4 Nge7 28.
Nd2 Qa4 29. Nd6 Qxb4 30. N2e4 Ba6 31. Rd1 Bxc4 32. Nxc4 b5 33. Ncd6 Qxd4+ 34.
Rxd4 b4 35. Nc5 Ra8 36. Kg2 g6 37. g4 Ra2+ 38. Kh3 Ra3+ 39. Kh4 h6 40. Nc4 g5+
41. fxg5 Ng6+ 42. Kh5 Rh3# 0-1

[Event "Titled Tue 10th Jun Late"]
[Site "chess.com INT"]
[Date "2025.06.10"]
[Round "6"]
[White "Turcsanyi, Vince Gergo"]
[Black "Cori Quispe, Kevin Joel"]
[Result "0-1"]
[WhiteTitle "FM"]
[BlackTitle "GM"]
[WhiteElo "2312"]
[BlackElo "2464"]
[WhiteFideId "791784"]
[BlackFideId "3814017"]
[EventDate "2025.06.10"]

1. e4 g6 2. d4 Bg7 3. Nc3 d6 4. Be3 a6 5. Qd2 b5 6. O-O-O Bb7 7. f3 Nd7 8. g4 h5
9. g5 e6 10. h4 Ne7 11. Nge2 c5 12. Ng3 b4 13. Nb1 Qc7 14. f4 Rc8 15. Rh2 cxd4
16. Bxd4 e5 17. fxe5 Nxe5 18. Bh3 Nf3 19. Bxg7 Nxd2 20. Rhxd2 Rg8 21. Bxc8 Rxg7
22. Bxb7 Qxb7 23. Rxd6 Qc7 24. e5 Nc8 25. R6d2 Ke7 26. Ne4 Qxe5 27. Rd7+ Ke6 28.
Nf6 Qf4+ 29. Nd2 Qxh4 30. Re1+ Qxe1# 0-1

[Event "Titled Tue 10th Jun Late"]
[Site "chess.com INT"]
[Date "2025.06.10"]
[Round "6"]
[White "Xia, Joshua"]
[Black "Swara Lakshmi S Nair"]
[Result "1/2-1/2"]
[BlackTitle "WCM"]
[WhiteElo "2035"]
[BlackElo "2187"]
[WhiteFideId "30987830"]
[BlackFideId "25629239"]
[EventDate "2025.06.10"]

1. e4 c5 2. Nf3 d6 3. d4 cxd4 4. Nxd4 Nf6 5. Nc3 Nc6 6. Bg5 e6 7. Qd2 Be7 8.
O-O-O a6 9. f3 Nxd4 10. Qxd4 b5 11. Kb1 Bb7 12. Bd3 Rc8 13. h4 O-O 14. h5 h6 15.
Bc1 d5 16. e5 Nd7 17. g4 Qc7 18. g5 Qxe5 19. Qg4 hxg5 20. f4 Qc7 21. fxg5 Ne5
22. Qe2 Nxd3 23. Rxd3 d4 24. Rg1 dxc3 25. g6 cxb2 26. Bxb2 Qxc2+ 27. Qxc2 Rxc2
28. Kxc2 Be4 29. h6 fxg6 30. Bxg7 Rf2+ 31. Kc3 b4+ 32. Kd4 Bxd3 33. Kxd3 Bf6 34.
Rxg6 Bxg7 35. Rxg7+ Kh8 36. Kc4 a5 37. Kb3 Rf3+ 38. Kb2 Rf2+ 39. Kb3 Rf3+ 40.
Kb2 Rh3 41. Ra7 Rh5 42. Ra6 Re5 43. Ra7 Rh5 44. Ra6 Re5 45. Ra7 Rh5 1/2-1/2

[Event "Titled Tue 10th Jun Late"]
[Site "chess.com INT"]
[Date "2025.06.10"]
[Round "6"]
[White "Shapiro, Daniel"]
[Black "Lavorgna, Giovanni"]
[Result "1-0"]
[WhiteTitle "FM"]
[BlackTitle "CM"]
[WhiteElo "2284"]
[BlackElo "1902"]
[WhiteFideId "2001780"]
[BlackFideId "11800100"]
[EventDate "2025.06.10"]

1. d4 Nf6 2. c4 g6 3. Nc3 Bg7 4. e4 O-O 5. Be2 c5 6. d5 d6 7. h3 e6 8. Nf3 exd5
9. exd5 Bf5 10. Bf4 Ne4 11. Nxe4 Bxe4 12. Qd2 Re8 13. O-O Qc7 14. Rae1 Nd7 15.
Ng5 Nf6 16. g4 h6 17. f3 hxg5 18. Bxg5 Qd7 19. fxe4 Nxe4 20. Qf4 Be5 21. Qf3
Nxg5 22. Qb3 Bd4+ 23. Kg2 Ne4 24. Rf4 g5 25. Rf5 f6 26. Bd3 Nd2 27. Qd1 Rxe1 28.
Qxe1 1-0

[Event "Titled Tue 10th Jun Late"]
[Site "chess.com INT"]
[Date "2025.06.10"]
[Round "6"]
[White "Sabatier, Mathis"]
[Black "Ambartsumova, Karina"]
[Result "0-1"]
[WhiteTitle "CM"]
[BlackTitle "IM"]
[WhiteElo "2235"]
[BlackElo "2403"]
[WhiteFideId "26029685"]
[BlackFideId "4166299"]
[EventDate "2025.06.10"]

1. d4 Nf6 2. Nf3 e6 3. g3 d5 4. Bg2 Nc6 5. O-O Be7 6. c4 dxc4 7. Qa4 O-O 8. Qxc4
a6 9. Nc3 Nd5 10. e4 Nb6 11. Qd3 Nb4 12. Qd1 c5 13. a3 cxd4 14. Nxd4 Nc6 15.
Nxc6 bxc6 16. Qe2 a5 17. Be3 Ba6 18. Qh5 Bxf1 19. Rxf1 Nc4 20. Bc1 a4 21. e5 Qa5
22. Bxc6 Rac8 23. Be4 f5 24. Bg2 Nxe5 25. Be3 Bf6 26. Ne2 Ng4 27. Bd4 g6 28. Qh3
Bxd4 29. Nxd4 Qb6 30. Nf3 Rc2 31. Ng5 h6 32. Nf3 Rxf2 33. Rxf2 Qxf2+ 34. Kh1 Rc8 0-1

[Event "Titled Tue 10th Jun Late"]
[Site "chess.com INT"]
[Date "2025.06.10"]
[Round "6"]
[White "Liu, Jason"]
[Black "Demchenko, Yaroslav"]
[Result "1-0"]
[WhiteTitle "CM"]
[BlackTitle "CM"]
[WhiteElo "2125"]
[BlackElo "2263"]
[WhiteFideId "2514656"]
[BlackFideId "14186667"]
[EventDate "2025.06.10"]

1. d4 e6 2. Bf4 d5 3. e3 Bd6 4. Bg3 Nf6 5. Nf3 O-O 6. Bd3 c5 7. c3 Qc7 8. O-O
Nbd7 9. Nbd2 e5 10. dxe5 Nxe5 11. Nxe5 Bxe5 12. Bxe5 Qxe5 13. Nf3 Qh5 14. h3 Be6
15. Rc1 Rfd8 16. Be2 Qh6 17. Qa4 Ne4 18. Kh2 a6 19. Qc2 Rac8 20. c4 d4 21. Qxe4
dxe3 22. Qxe3 Qf6 23. b3 Re8 24. Qg5 Qb2 25. Bd3 h6 26. Qf4 Qxa2 27. Bc2 Qb2 28.
Qe4 f5 29. Qf4 Qf6 30. Rfe1 b5 31. cxb5 axb5 32. h4 c4 33. bxc4 Rxc4 34. Qd6
Rcc8 35. Re5 Kh8 36. Rce1 Rxc2 37. Rxe6 Rxe6 38. Rxe6 Qb2 39. Qf8+ Kh7 40. Qxf5+
Kg8 41. Re8# 1-0

[Event "Titled Tue 10th Jun Late"]
[Site "chess.com INT"]
[Date "2025.06.10"]
[Round "6"]
[White "Gasparyan, Erik R."]
[Black "Risteski, Emil"]
[Result "1-0"]
[WhiteTitle "IM"]
[BlackTitle "IM"]
[WhiteElo "2372"]
[BlackElo "2374"]
[WhiteFideId "13315730"]
[BlackFideId "15005267"]
[EventDate "2025.06.10"]

1. Nf3 g6 2. b3 Bg7 3. d4 d6 4. Bb2 Nf6 5. g3 O-O 6. Bg2 Nbd7 7. O-O c6 8. Re1
Qc7 9. e4 e5 10. Nbd2 exd4 11. Nxd4 Re8 12. h3 Nc5 13. a4 a5 14. Nc4 Nfxe4 15.
Qf3 d5 16. Ne3 Be6 17. Nxe6 Nxe6 18. Bxg7 Kxg7 19. h4 h5 20. c4 Nd4 21. Qd1 Qe5
22. cxd5 cxd5 23. f4 Ne2+ 24. Rxe2 Qc3 25. Nxd5 Qxg3 26. Qd4+ Kh6 27. Rxe4 Rxe4
28. Qxe4 Rd8 29. f5 Rd6 30. Qf4+ Qxf4 31. Nxf4 gxf5 32. Bxb7 Rd4 33. Ng2 Rd3 34.
Rf1 Kg6 35. Nf4+ 1-0

[Event "Titled Tue 10th Jun Late"]
[Site "chess.com INT"]
[Date "2025.06.10"]
[Round "6"]
[White "Gutierrez Carmona, Juan Alejandro"]
[Black "Lacasa Diaz, Josep Anton"]
[Result "0-1"]
[WhiteTitle "FM"]
[BlackTitle "IM"]
[WhiteElo "2036"]
[BlackElo "2315"]
[WhiteFideId "5106770"]
[BlackFideId "2203375"]
[EventDate "2025.06.10"]

1. d4 d5 2. Bf4 c5 3. e3 e6 4. Nd2 Bd6 5. Bg3 Nf6 6. c3 O-O 7. Ngf3 Qc7 8. Bd3
Nbd7 9. Bxd6 Qxd6 10. O-O e5 11. dxe5 Nxe5 12. Nxe5 Qxe5 13. h3 b6 14. Nf3 Qe7
15. Rc1 Bb7 16. Re1 Rad8 17. Qc2 Rfe8 18. Nd2 Ne4 19. f3 Nxd2 20. Qxd2 h6 21.
Qf2 Rd6 22. c4 Re6 23. cxd5 Rxe3 24. Rxe3 Qxe3 25. Qxe3 Rxe3 26. Bc4 Kf8 27. Kf2
Re8 28. a4 Rd8 29. Rd1 Rd6 30. Ke3 Ke7 31. Ke4 Kd7 32. h4 Rg6 33. Rd2 Kd6 34.
Kf4 Rf6+ 35. Ke4 g5 36. hxg5 hxg5 37. g3 Rh6 38. Kf5 f6 39. f4 Bc8+ 40. Ke4 Rh3
41. Rd3 gxf4 42. Kxf4 Rh5 43. Re3 Re5 44. Rxe5 fxe5+ 45. Ke4 Bd7 46. b3 Be8 47.
g4 Bg6+ 48. Ke3 e4 49. Kf4 a6 50. Bxa6 Kxd5 51. Bb7+ Kd4 52. g5 Kd3 0-1

[Event "Titled Tue 10th Jun Late"]
[Site "chess.com INT"]
[Date "2025.06.10"]
[Round "6"]
[White "Papacek, Stepan"]
[Black "Unver, Cumayi"]
[Result "1-0"]
[WhiteTitle "FM"]
[WhiteElo "2225"]
[BlackElo "2012"]
[WhiteFideId "301035"]
[BlackFideId "6304940"]
[EventDate "2025.06.10"]

1. e4 c6 2. c4 d5 3. exd5 cxd5 4. cxd5 Nf6 5. Nc3 Nxd5 6. Nf3 Nc6 7. Bb5 e6 8.
O-O Be7 9. d4 O-O 10. Re1 Nxc3 11. bxc3 Bd7 12. Bd3 Rc8 13. h4 Bxh4 14. Qe2 Bf6
15. Qe4 g6 16. Bh6 Re8 17. Rad1 Ne7 18. Qf4 Nd5 19. Qg3 Rxc3 20. Ne5 Bb5 21.
Bxb5 Rxg3 22. Bxe8 Rxg2+ 23. Kxg2 Qxe8 24. Rc1 Bg7 25. Bd2 Bxe5 26. dxe5 Kg7 27.
Rh1 h5 28. Rh4 Qb5 29. Rhc4 Qb2 30. R1c2 Qxe5 31. Bc1 Qg5+ 32. Bxg5 1-0

[Event "Titled Tue 10th Jun Late"]
[Site "chess.com INT"]
[Date "2025.06.10"]
[Round "6"]
[White "Gokerkan, Cem Kaan"]
[Black "Kornienko, Konstantin"]
[Result "1-0"]
[WhiteTitle "GM"]
[BlackTitle "CM"]
[WhiteElo "2489"]
[BlackElo "2141"]
[WhiteFideId "6336760"]
[BlackFideId "34400419"]
[EventDate "2025.06.10"]

1. e4 c5 2. Nf3 Nc6 3. c3 Nf6 4. e5 Nd5 5. d4 cxd4 6. Bc4 Nb6 7. Bb3 e6 8. cxd4
d6 9. Qe2 dxe5 10. dxe5 Bb4+ 11. Nbd2 Nd5 12. O-O Nf4 13. Qe4 Nd3 14. Bc2 Nxc1
15. Raxc1 Bxd2 16. Rcd1 Qe7 17. Rxd2 Bd7 18. Rfd1 O-O-O 19. Rd6 f6 20. Bb3 Rhe8
21. h3 f5 22. Qe3 h6 23. Ba4 Kb8 24. Qd2 Kc8 25. b4 g5 26. b5 g4 27. bxc6 1-0

[Event "Titled Tue 10th Jun Late"]
[Site "chess.com INT"]
[Date "2025.06.10"]
[Round "6"]
[White "Gelman, Alexander"]
[Black "Nalbandyan, Vahan"]
[Result "1-0"]
[WhiteTitle "IM"]
[BlackTitle "CM"]
[WhiteElo "2403"]
[BlackElo "2155"]
[WhiteFideId "4118316"]
[BlackFideId "13309439"]
[EventDate "2025.06.10"]

1. d4 Nf6 2. Nc3 d5 3. Bf4 c5 4. e3 cxd4 5. exd4 a6 6. Nf3 Bg4 7. h3 Bxf3 8.
Qxf3 Nc6 9. O-O-O e6 10. Kb1 Bd6 11. Bc1 b5 12. g4 b4 13. Ne2 Ne4 14. Qe3 a5 15.
f3 Nf6 16. Nf4 h6 17. Bb5 Rc8 18. h4 Bxf4 19. Qxf4 Nd7 20. g5 hxg5 21. hxg5 Rxh1
22. Rxh1 Nf8 23. Rh8 Ke7 24. g6 f6 25. Rg8 f5 26. Rxg7+ Kf6 27. Qh6 f4 28. Rf7# 1-0

[Event "Titled Tue 10th Jun Late"]
[Site "chess.com INT"]
[Date "2025.06.10"]
[Round "6"]
[White "Saydaliev, Saidakbar"]
[Black "Firouzja, Alireza"]
[Result "0-1"]
[WhiteTitle "IM"]
[BlackTitle "GM"]
[WhiteElo "2450"]
[BlackElo "2766"]
[WhiteFideId "14203693"]
[BlackFideId "12573981"]
[EventDate "2025.06.10"]

1. Nf3 g6 2. g3 Bg7 3. Bg2 e5 4. O-O e4 5. Ne1 d5 6. d3 exd3 7. cxd3 Ne7 8. Nc3
O-O 9. Nf3 c5 10. e4 Nbc6 11. Bf4 dxe4 12. dxe4 Be6 13. Qa4 Qb6 14. Rab1 h6 15.
Be3 Rad8 16. Rfc1 Nd4 17. Nd2 Qb4 18. Qd1 b6 19. a3 Qa5 20. Bf1 Nec6 21. Nd5
Bxd5 22. exd5 Rxd5 23. Ne4 Ne5 24. Kh1 c4 25. Bxd4 Rfd8 26. Bc3 Rxd1 27. Bxa5
Rxc1 28. Rxc1 bxa5 29. Bxc4 Rd4 30. Ba2 Rxe4 31. Rc8+ Bf8 32. Rc7 Re2 33. f4 Nf3
34. Bxf7+ Kh8 0-1

[Event "Titled Tue 10th Jun Late"]
[Site "chess.com INT"]
[Date "2025.06.10"]
[Round "6"]
[White "Sakhayi, Mostafa"]
[Black "Lyakh, Vasiliy"]
[Result "1-0"]
[WhiteTitle "CM"]
[WhiteElo "2166"]
[BlackElo "2123"]
[WhiteFideId "12512532"]
[BlackFideId "14189828"]
[EventDate "2025.06.10"]

1. d4 b5 2. e4 a6 3. Nf3 Bb7 4. Bd3 e6 5. O-O c5 6. c3 Nf6 7. Re1 Be7 8. a4 b4
9. e5 Nd5 10. c4 Nc7 11. Nbd2 cxd4 12. Ne4 Bxe4 13. Bxe4 Nc6 14. Nxd4 O-O 15.
Bxc6 dxc6 16. Nxc6 Qe8 17. Qf3 Rc8 18. Be3 f5 19. Nxe7+ Qxe7 20. Red1 Rfd8 21.
b3 Ne8 22. g3 h6 23. h4 g6 24. Rxd8 Qxd8 25. Rd1 Qe7 26. a5 Kh7 27. Bb6 Ng7 28.
c5 f4 29. Qxf4 Nf5 30. Qd2 Kg7 31. Qd7 Rf8 32. c6 Rf7 33. Qxe7 Nxe7 34. c7 Nc8
35. Rd8 Rf8 36. Bc5 1-0

[Event "Titled Tue 10th Jun Late"]
[Site "chess.com INT"]
[Date "2025.06.10"]
[Round "6"]
[White "Mahdavi, Reza"]
[Black "Atanasov, Anthony"]
[Result "1-0"]
[WhiteTitle "IM"]
[BlackTitle "IM"]
[WhiteElo "2454"]
[BlackElo "2417"]
[WhiteFideId "12595926"]
[BlackFideId "2623897"]
[EventDate "2025.06.10"]

1. e4 e5 2. Nf3 Nf6 3. Nc3 Nc6 4. d4 Bb4 5. Nxe5 Bxc3+ 6. bxc3 Qe7 7. Nxc6 Qxe4+
8. Qe2 dxc6 9. Bg5 Qxe2+ 10. Bxe2 Ne4 11. Bd2 Bf5 12. Bd3 O-O-O 13. f3 Nd6 14.
Kf2 Be6 15. Bf4 b5 16. a4 Kb7 17. axb5 cxb5 18. Bxd6 Rxd6 19. Bxb5 Rb6 20. Bd3
c6 21. Ra5 h6 22. Rha1 Ra8 23. Ke3 Rb2 24. Kd2 Rb6 25. c4 Kb8 26. d5 cxd5 27.
cxd5 Bd7 28. c4 Rb2+ 29. Kc3 Rxg2 30. d6 Bc6 31. Bf5 a6 32. Rc5 Kb7 33. Rb1+ Bb5
34. cxb5 axb5 35. Be4+ 1-0

[Event "Titled Tue 10th Jun Late"]
[Site "chess.com INT"]
[Date "2025.06.10"]
[Round "6"]
[White "Montano Vicente, Guadalupe"]
[Black "Demchenko, Svitlana"]
[Result "1-0"]
[BlackTitle "WIM"]
[WhiteElo "1938"]
[BlackElo "2135"]
[WhiteFideId "5181399"]
[BlackFideId "14149893"]
[EventDate "2025.06.10"]

1. d4 Nf6 2. c4 g6 3. Nc3 Bg7 4. e4 d6 5. h3 O-O 6. Be3 e5 7. d5 Nbd7 8. g4 Nc5
9. f3 a5 10. h4 Ne8 11. h5 f5 12. hxg6 hxg6 13. gxf5 gxf5 14. Qd2 f4 15. Bf2 Nf6
16. Bh3 Bxh3 17. Nxh3 Nh5 18. O-O-O Ng3 19. Rh2 Rf6 20. Ng5 Rg6 21. Ne6 Nxe6 22.
dxe6 Rxe6 23. Qd5 Qc8 24. c5 Ra6 25. Rg1 c6 26. Qc4 dxc5 27. Bxg3 fxg3 28. Rxg3
b5 29. Qxc5 b4 30. Rhg2 Qf8 31. Rxg7+ Qxg7 32. Rxg7+ Kxg7 33. Qc4 c5 34. Nd5
Rac6 35. f4 a4 36. f5 Rh6 37. Qe2 c4 38. f6+ Kf7 39. Qg2 Rg6 40. Qh2 1-0

[Event "Titled Tue 10th Jun Late"]
[Site "chess.com INT"]
[Date "2025.06.10"]
[Round "6"]
[White "Vifleemskaia, Svetlana"]
[Black "Yanev, Tihomir"]
[Result "0-1"]
[WhiteTitle "WFM"]
[BlackTitle "IM"]
[WhiteElo "1942"]
[BlackElo "2354"]
[WhiteFideId "4129490"]
[BlackFideId "2910110"]
[EventDate "2025.06.10"]

1. d4 e6 2. c4 f5 3. Nc3 Nf6 4. a3 d6 5. g3 Be7 6. Bg2 O-O 7. Nf3 Nc6 8. O-O e5
9. dxe5 dxe5 10. Qxd8 Bxd8 11. e4 Be6 12. exf5 Bxc4 13. Re1 Re8 14. h3 Bd3 15.
g4 e4 16. Ng5 Nd4 17. Ngxe4 Nc2 18. Nxf6+ Bxf6 19. Bd2 Nxa1 20. Rxa1 c6 21. Rd1
Rad8 22. g5 Bxc3 23. Bxc3 Bxf5 24. Rxd8 Rxd8 25. h4 g6 26. Kh2 Kf7 27. Kg3 Ke6
28. Kf4 Rd1 29. Bf3 Rf1 30. Ke3 Kd6 31. h5 gxh5 32. Bxh5 b6 33. f4 c5 34. Be2
Rh1 35. Be5+ Kd7 36. Bb5+ Ke7 37. Be2 Rh3+ 38. Bf3 Bg4 0-1